Ajuntament de Sant Adrià de Besòs : informació municipal informació municipal
Descripción Física:
1 tríptic ; 9 x 20 cm.
Idioma:
Catalán
MARC
| LEADER | 00000nam a22000007a 4500 | ||
|---|---|---|---|
| 001 | 27295 | ||
| 003 | Arxiu | ||
| 005 | 20260324181151.0 | ||
| 008 | 230124b spa||||| |||| 00| 0 cat d | ||
| 017 | |a B 13393-2014 | ||
| 040 | |a agdb |b cat | ||
| 041 | |a cat | ||
| 245 | |a Ajuntament de Sant Adrià de Besòs : |b informació municipal | ||
| 260 | |a Barcelona : |b Diputació de Barcelona ; |c 2014 | ||
| 300 | |a 1 tríptic ; |c 9 x 20 cm. | ||
| 650 | 0 | |9 55297 |a Serveis municipals |z Sant Adrià de Besòs (Catalunya) | |
| 710 | 1 | |9 52683 |a Sant Adrià de Besòs (Catalunya). |b Ajuntament | |
| 710 | 1 | |a Barcelona (Catalunya : Província). |b Àrea de Territori i Sostenibilitat |9 52770 | |
| 942 | |2 udc |c ARXIU |n 1 | ||
| 952 | |0 0 |1 0 |2 udc |4 0 |6 FU7416 |7 1 |9 65097 |a Arxiu |b Arxiu |d 2023-01-24 |l 0 |o FU-74-16 |p 27295 |r 2023-01-24 00:00:00 |w 2023-01-24 |y ARXIU | ||
| 999 | |c 82998 |d 82998 | ||